000 01136caa a22002651ib4500
003 SA_RiAUC
005 20251225133710.0
008 251224s2009____su g 000f0dara c
040 _aSA-JeALM
_bara
_cSA-RiAUC
_erda
043 _aar-----
082 0 4 _a927.82420953
090 _a927.82420953
_bو ا ص
100 1 _aالواصل، أحمد،
_d1976-
_eمؤلف.
245 1 0 _aرواد الغناء في الجزيرة العربية من الشفوية إلى التسجيل /
_cأحمد الواصل.
300 _a48 صفحة؛
_c23 سم.
336 _aنص
_btxt
_2rdacontent
_3مقالة
337 _aبدون وسيط
_bn
_2rdamedia
338 _aمجلد
_bnc
_2rdacarrier
580 _aفي : المجلة العربية.
650 7 _aالمطربون والمطربات الخليجيون
_vتراجم
_vمقالات ومحاضرات
_2aucsh
650 7 _aالغناء
_zشبه الجزيرة العربية
_vمقالات ومحاضرات
_2aucsh
773 0 _tالمجلة العربية.
_gعدد 384 (محرم 1430 هجري = 2009)
_x1011-3460
942 _2ddc
_cBOOK
_n0
949 _aSA-JeALM
_d251224
_umohamedma123
_n1
999 _c13709
_d13709